Länder in der Nähe von Togo - Statistiken

Allgemein
  • Dieses Quiz wurde 122 mal gespielt
  • Das Durchschnittsergebnis liegt bei 18 aus 20
Antwortstatistiken
km Land % Korrekt
0 Ghana
96%
875 Guinea
96%
191 Niger
96%
0 Benin
95%
1359 Tschad
94%
0 Burkina Faso
93%
101 Nigeria
93%
393 Mali
92%
319 Côte d'Ivoire
91%
763 Kamerun
87%
1355 Kongo
87%
757 Mauretanien
87%
886 Liberia
86%
1231 Senegal
86%
801 Äquatorial-Guinea
84%
1044 Gabun
84%
1160 Sierra Leone
81%
925 Algerien
80%
1395 Zentralafrikanische Republik
75%
803 São Tomé und Príncipe
73%
Keine übereinstimmenden Quizze gefunden
Verteilung der Resultate
Anzahl Personen mit jedem Resultat
Perzentil nach korrekt beantworteten Fragen
Ihre Resultats-Entwicklung
Sie haben dieses Quiz noch nicht gespielt